| 000 | 00346nam a2200133Ia 4500 | ||
|---|---|---|---|
| 008 | 240624s9999 xx 000 0 und d | ||
| 041 | _aeng | ||
| 082 | _a332.4 BRU | ||
| 100 | _aBRUNTON FINN | ||
| 245 | _aDIGITAL CASH THE UNKNOWN HISTORY OF THE | ||
| 260 |
_c2019 _aNew Jersey _bPrinceton University Press |
||
| 300 | _a255 p. | ||
| 365 |
_c _b33 |
||
| 999 |
_c32602 _d32602 |
||